Tourism in the Post-Pandemic World : Economic Challenges and Opportunities for Asia-Pacific and the Western Hemisphere /

This departmental paper analyzes the impact of the COVID-19 pandemic on tourism in the Asia Pacific region, Latin America, and Caribbean countries. Many tourism dependent economies in these regions, including small states in the Pacific and the Caribbean, entered the pandemic with limited fiscal spa...

Szczegółowa specyfikacja

Opis bibliograficzny
1. autor: Goretti, Manuela
Kolejni autorzy: Babii, Aleksandra, Cevik, Serhan, Leigh, Lamin
Format: Czasopismo
Język:English
Wydane: Washington, D.C. : International Monetary Fund, 2021.
Seria:Departmental Papers; Departmental Paper ; No. 2021/002
Hasła przedmiotowe:
Dostęp online:Full text available on IMF
LEADER 02031cas a2200337 a 4500
001 AALejournalIMF021383
008 230101c9999 xx r poo 0 0eng d
020 |c 20.00 USD 
020 |z 9781513561905 
022 |a 2616-5333 
040 |a BD-DhAAL  |c BD-DhAAL 
100 1 |a Goretti, Manuela. 
245 1 0 |a Tourism in the Post-Pandemic World :   |b Economic Challenges and Opportunities for Asia-Pacific and the Western Hemisphere /  |c Manuela Goretti, Lamin Leigh, Aleksandra Babii, Serhan Cevik. 
264 1 |a Washington, D.C. :  |b International Monetary Fund,  |c 2021. 
300 |a 1 online resource (115 pages) 
490 1 |a Departmental Papers 
500 |a <strong>Off-Campus Access:</strong> No User ID or Password Required 
500 |a <strong>On-Campus Access:</strong> No User ID or Password Required 
506 |a Electronic access restricted to authorized BRAC University faculty, staff and students 
520 3 |a This departmental paper analyzes the impact of the COVID-19 pandemic on tourism in the Asia Pacific region, Latin America, and Caribbean countries. Many tourism dependent economies in these regions, including small states in the Pacific and the Caribbean, entered the pandemic with limited fiscal space, inadequate external buffers, and foreign exchange revenues extremely concentrated in tourism. The empirical analysis leverages on an augmented gravity model to draw lessons from past epidemics and finds that the impact of infectious diseases on tourism flows is much greater in developing countries than in advanced economies. 
538 |a Mode of access: Internet 
650 7 |a COVID-19  |2 imf 
650 7 |a Diversification  |2 imf 
650 7 |a Growth  |2 imf 
650 7 |a Jobs  |2 imf 
650 7 |a Tourism  |2 imf 
700 1 |a Babii, Aleksandra. 
700 1 |a Cevik, Serhan. 
700 1 |a Leigh, Lamin. 
830 0 |a Departmental Papers; Departmental Paper ;  |v No. 2021/002 
856 4 0 |z Full text available on IMF  |u http://elibrary.imf.org/view/journals/087/2021/002/087.2021.issue-002-en.xml  |z IMF e-Library